Producción planificada de vacuno de carne / (Record no. 55291)

MARC details
000 -LEADER
fixed length control field 00659 c a2200205 4500
005 - DATE AND TIME OF LATEST TRANSACTION
control field 20150310120539.0
008 - FIXED-LENGTH DATA ELEMENTS--GENERAL INFORMATION
fixed length control field a071114s1984 sp a 000 0 spa u
020 ## - INTERNATIONAL STANDARD BOOK NUMBER
International Standard Book Number 8420005274
100 1# - MAIN ENTRY--PERSONAL NAME
Personal name Allen, David
245 10 - TITLE STATEMENT
Title Producción planificada de vacuno de carne /
Statement of responsibility, etc David Allen, Brian Kilkenny ; tr. José Fernández-Salguero.
250 ## - EDITION STATEMENT
Edition statement 1a ed.
260 ## - PUBLICATION, DISTRIBUTION, ETC. (IMPRINT)
Place of publication, distribution, etc Zaragoza, España :
Name of publisher, distributor, etc Acribia,
Date of publication, distribution, etc 1984
300 ## - PHYSICAL DESCRIPTION
Extent 240 p. :
Other physical details il. ;
Dimensions 25 cm.
500 ## - GENERAL NOTE
General note Traducción de : Planned beef production
504 ## - BIBLIOGRAPHY, ETC. NOTE
Bibliography, etc incluye índice
650 #4 - SUBJECT ADDED ENTRY--TOPICAL TERM
Topical term or geographic name as entry element Ganado de carne vacuno
700 1# - ADDED ENTRY--PERSONAL NAME
Personal name Kilkenny, Brian, coaut.
942 ## - ADDED ENTRY ELEMENTS (KOHA)
Source of classification or shelving scheme Biblioteca del Cogreso de los Estados Unidos
Koha item type Libro
Holdings
Estado de pérdida Fuente de clasificación Estado del daño No para préstamo Ubicación permanente Ubicación actual Apartado o colección Fecha de adquisición Edición Área del conocimiento Clasificación Código de Barras Date last seen Número de copia Tipo de recurso
  Biblioteca del Cogreso de los Estados Unidos     Biblioteca de la Facultad de Medicina Veterinaria y Zootecnia Biblioteca de la Facultad de Medicina Veterinaria y Zootecnia General 10/03/2015 1a. Ed. Ciencias Agropecuarias SF207 A55 1984 MVZ000000150 10/03/2015 C:1 Libro
  Biblioteca del Cogreso de los Estados Unidos     Biblioteca de la Facultad de Medicina Veterinaria y Zootecnia Biblioteca de la Facultad de Medicina Veterinaria y Zootecnia General 10/03/2015 1a. Ed. Ciencias Agropecuarias SF207 A55 1984 MVZ000000149 10/03/2015 C:2 Libro
  Biblioteca del Cogreso de los Estados Unidos     Biblioteca de la Facultad de Medicina Veterinaria y Zootecnia Biblioteca de la Facultad de Medicina Veterinaria y Zootecnia General 10/03/2015 1a. Ed. Ciencias Agropecuarias SF207 A55 1984 MVZ000000148 10/03/2015 C:3 Libro
  Biblioteca del Cogreso de los Estados Unidos     Biblioteca de la Facultad de Medicina Veterinaria y Zootecnia Biblioteca de la Facultad de Medicina Veterinaria y Zootecnia General 10/03/2015 1a. Ed. Ciencias Agropecuarias SF207 A55 1984 MVZ000000147 10/03/2015 C:4 Libro